Statistics for Gambia Country Quiz

Click here to take the quiz!

General Stats

  • This quiz has been taken 98 times
  • The average score is 2 of 5

Answer Stats

HintAnswer% Correct
CapitalBanjul
97%
CurrencyDalasi
54%
Largest CityBrikama
35%
Second largest cityBakau
19%
Only National ParkKiang West National Park
14%

Score Distribution

Percentile by Number Answered

Percent of People with Each Score

Your Score History

You have not taken this quiz